[Event "Solta op 6th"]
[Site "Grohote"]
[Date "2023.07.01"]
[Round "5"]
[White "Brigljevic, Milan"]
[Black "Schnepel, Thomas"]
[Result "1-0"]
[WhiteElo "2169"]
[BlackElo "1732"]
[PlyCount "85"]
[EventDate "2023.06.27"]
[EventType "swiss"]
[EventRounds "9"]
[EventCountry "CRO"]
[SourceTitle "EXT 2024"]
[Source "ChessBase"]
[SourceDate "2023.10.10"]
[SourceVersion "1"]
[SourceVersionDate "2023.10.10"]
[SourceQuality "1"]

1. d4 Nf6 2. Nf3 c5 3. e3 e6 4. Bd3 Be7 5. 0-0 0-0 6. b3 b6 7. Bb2 Bb7 8. Nbd2 d5 9. Ne5 Nc6 10. a3 Rc8 11. Qf3 Qc7 12. Qh3 g6 13. f4 a6 14. Rac1 b5 15. dxc5 Nxe5 16. fxe5 Nd7 17. b4 Kg7 18. Qg3 Qd8 19. Nf3 f5 20. exf6+ Bxf6 21. Ng5 Qe7 22. Qh3 Kg8 23. Bxf6 Rxf6 24. Rxf6 Nxf6 25. Rf1 Nh5 26. Qxe6+ Qxe6 27. Nxe6 Re8 28. Nd4 Rxe3 29. g4 Ng7 30. Kf2 Re8 31. Re1 Rf8+ 32. Kg3 Bc8 33. Re5 h5 34. h3 h4+ 35. Kxh4 Rf4 36. Ne2 Rf3 37. Nd4 Rf4 38. Rxd5 Be6 39. Rd6 Bf7 40. Kg3 g5 41. Rd8+ Be8 42. c6 Rf7 43. c7 1-0

[Event "GER-ch Net Amateur Gr-B Vor1"]
[Site "Playchess.com INT"]
[Date "2020.04.14"]
[Round "3"]
[White "Schnepel, Thomas"]
[Black "Bigalke, Moritz"]
[Result "0-1"]
[WhiteElo "1640"]
[BlackElo "1598"]
[PlyCount "80"]
[EventDate "2020.04.14"]
[EventType "swiss (blitz)"]
[EventRounds "9"]
[EventCountry "GER"]
[SourceTitle "EXT 2021"]
[Source "ChessBase"]
[SourceDate "2020.10.23"]
[SourceVersion "1"]
[SourceVersionDate "2020.10.23"]
[SourceQuality "1"]

1. e4 e5 2. Nf3 Nc6 3. Bc4 Bc5 4. b4 Bxb4 5. c3 Ba5 6. d4 exd4 7. 0-0 Bb6 8. cxd4 d6 9. Ng5 Nh6 10. Qh5 Qf6 11. Bb2 Bxd4 12. Bxd4 Nxd4 13. Nd2 0-0 14. Rad1 Bg4 15. Qh4 Bxd1 16. Rxd1 b5 17. Bd3 Ne6 18. e5 Qxg5 19. Qe4 g6 20. g3 Qxe5 21. Qh4 Qg5 22. Qe4 Nc5 23. Qe2 Nxd3 24. Qxd3 Rad8 25. f4 Qf6 26. Ne4 Qb2 27. Qd5 Rfe8 28. Nf6+ Kf8 29. Nxh7+ Kg7 30. Ng5 Re2 31. Qd4+ Qxd4+ 32. Rxd4 Rxa2 33. Ne4 c5 34. Rd1 b4 35. Ng5 b3 36. h3 c4 37. g4 c3 38. f5 gxf5 39. gxf5 Nxf5 40. h4 c2 0-1

[Event "GER-ch Net Amateur Gr-B Vor1"]
[Site "Playchess.com INT"]
[Date "2020.04.14"]
[Round "7"]
[White "Schnepel, Thomas"]
[Black "Ferch, Mario"]
[Result "1/2-1/2"]
[WhiteElo "1640"]
[BlackElo "1527"]
[PlyCount "68"]
[EventDate "2020.04.14"]
[EventType "swiss (blitz)"]
[EventRounds "9"]
[EventCountry "GER"]
[SourceTitle "EXT 2021"]
[Source "ChessBase"]
[SourceDate "2020.10.23"]
[SourceVersion "1"]
[SourceVersionDate "2020.10.23"]
[SourceQuality "1"]

1. e4 Nf6 2. e5 Nd5 3. d4 d6 4. c4 Nb6 5. Nf3 dxe5 6. Nxe5 N8d7 7. c5 Nxe5 8. cxb6 Nc6 9. bxc7 Qxc7 10. d5 Ne5 11. Nc3 Bd7 12. Be2 g6 13. 0-0 Bg7 14. Bf4 Qa5 15. Rc1 a6 16. a3 0-0 17. Re1 Rac8 18. h3 h5 19. Qd2 Nc4 20. Bxc4 Rxc4 21. Qe3 Bxc3 22. Rxc3 Rxc3 23. bxc3 Qxa3 24. Bh6 Rc8 25. Qd4 f6 26. c4 Qc5 27. Qe4 Bf5 28. Qxe7 Qxe7 29. Rxe7 Rxc4 30. Rg7+ Kh8 31. Rxb7 a5 32. d6 Rd4 33. Bg7+ Kg8 34. Bxf6 Rxd6 1/2-1/2

[Event "Pfalz op-B 11th"]
[Site "Neustadt an der Weinstrasse"]
[Date "2020.02.24"]
[Round "6"]
[White "Schnepel, Thomas"]
[Black "Burger, Volker"]
[Result "0-1"]
[WhiteElo "1834"]
[BlackElo "1739"]
[PlyCount "82"]
[EventDate "2020.02.21"]
[EventType "swiss"]
[EventRounds "7"]
[EventCountry "GER"]
[SourceTitle "CBM 195 Extra"]
[Source "ChessBase"]
[SourceDate "2020.05.31"]
[SourceVersion "1"]
[SourceVersionDate "2020.05.31"]
[SourceQuality "1"]

1. e4 e6 2. d4 d5 3. Nc3 dxe4 4. Nxe4 Nd7 5. Nf3 Ngf6 6. Nxf6+ Nxf6 7. Bd3 c5 8. dxc5 Bxc5 9. Qe2 Qc7 10. Bd2 b6 11. Bc3 Bb7 12. Bb5+ Bc6 13. Ne5 Bxb5 14. Qxb5+ Kf8 15. Rd1 a6 16. Qe2 Ke7 17. Qf3 Rac8 18. 0-0 Bd6 19. Rxd6 Qxd6 20. Rd1 Rxc3 21. bxc3 Qxe5 22. Qb7+ Kf8 23. Rd8+ Ne8 24. g3 g6 25. Qd7 Kg7 26. Rxe8 Rxe8 27. Qxe8 Qxc3 28. Qa4 a5 29. h3 Qb4 30. Qc6 b5 31. c3 Qc4 32. Qxc4 bxc4 33. f4 f5 34. Kf2 Kf6 35. Ke3 e5 36. g4 exf4+ 37. Kxf4 fxg4 38. hxg4 h5 39. a4 hxg4 40. Kxg4 Ke5 41. Kg5 Ke4 0-1

[Event "Pfalz op-B 11th"]
[Site "Neustadt an der Weinstrasse"]
[Date "2020.02.21"]
[Round "1"]
[White "Ewerhardy, Moritz"]
[Black "Schnepel, Thomas"]
[Result "1/2-1/2"]
[WhiteElo "1643"]
[BlackElo "1834"]
[PlyCount "88"]
[EventDate "2020.02.21"]
[EventType "swiss"]
[EventRounds "7"]
[EventCountry "GER"]
[SourceTitle "CBM 195 Extra"]
[Source "ChessBase"]
[SourceDate "2020.05.31"]
[SourceVersion "1"]
[SourceVersionDate "2020.05.31"]
[SourceQuality "1"]

1. d4 Nf6 2. c4 c5 3. d5 e6 4. Nc3 exd5 5. cxd5 d6 6. e4 g6 7. Nf3 Bg7 8. Bd3 0-0 9. 0-0 a6 10. a4 Bg4 11. h3 Bxf3 12. Qxf3 Nbd7 13. Qe2 Re8 14. Bf4 Qc7 15. Qd2 c4 16. Bc2 Rab8 17. a5 Nc5 18. Rfe1 Nfd7 19. Ba4 b5 20. axb6 Rxb6 21. Be3 Nxa4 22. Rxa4 Rb3 23. Rxa6 Ne5 24. Rb1 Nd3 25. Rc6 Qb7 26. Rxc4 Ne5 27. Rd4 Rc8 28. Nd1 Nc4 29. Qe2 Na3 30. Ra1 Nc2 31. Raa4 Nxd4 32. Bxd4 Bxd4 33. Rxd4 Rc1 34. Kh2 Qc7 35. Ne3 Qa5 36. Rc4 Re1 37. Qg4 Rb8 38. Qg5 Qd2 39. Rc7 Qxf2 40. Ng4 Qg1+ 41. Kg3 Rf1 42. Nh6+ Kg7 43. Nf5+ Kg8 44. Nh6+ Kg7 1/2-1/2

[Event "Pfalz op-B 10th"]
[Site "Neustadt an der Weinstrasse"]
[Date "2019.03.04"]
[Round "7"]
[White "Schnepel, Thomas"]
[Black "Weber, Stefan1111"]
[Result "1-0"]
[WhiteElo "1789"]
[BlackElo "1672"]
[PlyCount "87"]
[EventDate "2019.03.01"]
[EventType "swiss"]
[EventRounds "7"]
[EventCountry "GER"]
[SourceTitle "CBM 189 Extra"]
[Source "ChessBase"]
[SourceDate "2019.06.03"]
[SourceVersion "1"]
[SourceVersionDate "2019.06.03"]
[SourceQuality "1"]

1. e4 e6 2. d4 d5 3. Nc3 Nf6 4. Bg5 dxe4 5. Nxe4 Be7 6. Bxf6 Bxf6 7. Nf3 b6 8. Bd3 Bb7 9. Qe2 Nc6 10. c3 Qe7 11. 0-0-0 0-0-0 12. Rhe1 h6 13. Kb1 g6 14. Ba6 Nb8 15. Bxb7+ Kxb7 16. a4 a5 17. Qb5 c6 18. Qb3 Na6 19. Nfd2 Kc7 20. Nc4 Rb8 21. Ne5 Bxe5 22. dxe5 b5 23. Rd6 Rb6 24. Red1 Rhb8 25. Rd7+ Qxd7 26. Rxd7+ Kxd7 27. Qd1+ Kc7 28. axb5 Rxb5 29. Qd6+ Kb6 30. Nf6 Ka7 31. b4 c5 32. Nd7 R8b7 33. Kc2 a4 34. bxc5 Rb2+ 35. Kd3 Rb1 36. Kc4 Rc7 37. c6 a3 38. Qd4+ Ka8 39. Nb6+ Ka7 40. Nd5+ Kb8 41. Nxc7 Nxc7 42. Qd8+ Ka7 43. Qxc7+ Ka6 44. Qd6 1-0

[Event "Pfalz op-B 10th"]
[Site "Neustadt an der Weinstrasse"]
[Date "2019.03.02"]
[Round "2"]
[White "Ensslinger, Colin"]
[Black "Schnepel, Thomas"]
[Result "1-0"]
[WhiteElo "1630"]
[BlackElo "1789"]
[PlyCount "41"]
[EventDate "2019.03.01"]
[EventType "swiss"]
[EventRounds "7"]
[EventCountry "GER"]
[SourceTitle "CBM 189 Extra"]
[Source "ChessBase"]
[SourceDate "2019.06.03"]
[SourceVersion "1"]
[SourceVersionDate "2019.06.03"]
[SourceQuality "1"]

1. e4 c5 2. Nf3 Nc6 3. Bb5 g6 4. Bxc6 dxc6 5. 0-0 Bg7 6. d3 e5 7. Be3 b6 8. h3 Ne7 9. Re1 0-0 10. Qd2 f5 11. Bh6 fxe4 12. Rxe4 Bf5 13. Bxg7 Bxe4 14. Bxf8 Bxf3 15. Bxe7 Qxe7 16. gxf3 Qf6 17. Nc3 Qh4 18. Kg2 Rf8 19. Qe3 Rf5 20. Ne4 Rh5 21. Rh1 1-0

[Event "Pula op 32nd"]
[Site "Pula"]
[Date "2018.06.23"]
[Round "1"]
[White "Schnepel, Thomas"]
[Black "Ostovic, Matija"]
[Result "0-1"]
[WhiteElo "1841"]
[BlackElo "2352"]
[PlyCount "132"]
[EventDate "2018.06.23"]
[EventType "swiss"]
[EventRounds "9"]
[EventCountry "CRO"]
[SourceTitle "EXT 2019"]
[Source "ChessBase"]
[SourceDate "2018.10.10"]
[SourceVersion "1"]
[SourceVersionDate "2018.10.10"]
[SourceQuality "1"]

1. e4 d6 2. d4 Nf6 3. Nc3 Nbd7 4. f4 e5 5. dxe5 dxe5 6. f5 Bc5 7. Bg5 c6 8. Qf3 Qb6 9. Nge2 Qxb2 10. Rb1 Qxc2 11. Rc1 Qb2 12. Rb1 Qa3 13. Rb3 Qa5 14. Bd2 Qc7 15. g4 h6 16. h4 h5 17. g5 Ng4 18. Na4 Bf2+ 19. Kd1 b5 20. Nb2 Bb6 21. Nd3 c5 22. Rxb5 c4 23. Nb4 Nf2+ 24. Ke1 Nxh1 25. Qxh1 Bb7 26. Nc3 Qd6 27. Nbd5 Rc8 28. f6 gxf6 29. Bh3 Nc5 30. Nxf6+ Kf8 31. Ncd5 Ba6 32. Rxc5 Bxc5 33. Qf3 Rb8 34. Nd7+ Kg8 35. Bc3 Rb1+ 36. Ke2 Rb2+ 37. Kf1 Rf2+ 38. Qxf2 Bxf2 39. Kxf2 Bc8 40. Bxe5 Qxe5 41. Nxe5 Bxh3 42. Nxc4 Kg7 43. Ke3 Rb8 44. Kd4 Rb1 45. Nf6 Bg4 46. Ne3 Rh1 47. Nfxg4 hxg4 48. Nxg4 Rxh4 49. Ne3 Rh5 50. Nf5+ Kf8 51. a4 Rxg5 52. a5 Rg1 53. Kc5 Ra1 54. Kb5 Re1 55. Nd6 Ke7 56. Nc8+ Kd7 57. Nxa7 Kc7 58. Ka6 Rxe4 59. Nb5+ Kc6 60. Na7+ Kc5 61. Nc8 f5 62. Nb6 f4 63. Kb7 f3 64. Nd7+ Kb5 65. a6 Re7 66. a7 Rxd7+ 0-1

[Event "Stuttgart-chB int"]
[Site "Ditzingen"]
[Date "2018.05.12"]
[Round "5"]
[White "Schnepel, Thomas"]
[Black "Oliva, Jan"]
[Result "0-1"]
[WhiteElo "1845"]
[BlackElo "1841"]
[PlyCount "73"]
[EventDate "2018.05.10"]
[EventType "swiss"]
[EventRounds "7"]
[EventCountry "GER"]
[SourceTitle "EXT 2020"]
[Source "ChessBase"]
[SourceDate "2019.10.17"]
[SourceVersion "1"]
[SourceVersionDate "2019.10.17"]
[SourceQuality "1"]

1. e4 c5 2. Nf3 e6 3. d4 cxd4 4. Nxd4 a6 5. Nc3 Qc7 6. Bd3 Nf6 7. 0-0 Be7 8. Be3 d6 9. a4 b6 10. f4 Nbd7 11. Qf3 Bb7 12. Rae1 0-0 13. Qg3 Rfe8 14. Nf3 Nc5 15. Bd4 d5 16. exd5 exd5 17. Bf5 Nce4 18. Nxe4 dxe4 19. Ng5 Bc5 20. c3 Rad8 21. Rd1 e3 22. Rfe1 e2 23. Rd3 Bxd4+ 24. cxd4 Qc4 25. Nf3 Qxa4 26. b3 Qb4 27. Ne5 Be4 28. Bxe4 Nxe4 29. Nc6 Qd6 30. Nxd8 Nxg3 31. Nxf7 Kxf7 32. hxg3 Re4 33. Kf2 Rxd4 34. Rxd4 Qxd4+ 35. Kxe2 Qb2+ 36. Kf3 Qxb3+ 37. Kg4 0-1

[Event "Baden-ch U2000"]
[Site "Walldorf"]
[Date "2017.07.26"]
[Round "1"]
[White "Schnepel, Thomas"]
[Black "Hansult, Manfred"]
[Result "1-0"]
[WhiteElo "1928"]
[BlackElo "1859"]
[PlyCount "89"]
[EventDate "2017.07.26"]
[EventType "swiss"]
[EventRounds "7"]
[EventCountry "GER"]
[SourceTitle "EXT 2018"]
[Source "ChessBase"]
[SourceDate "2017.10.13"]
[SourceVersion "1"]
[SourceVersionDate "2017.10.13"]
[SourceQuality "1"]

1. e4 c6 2. d4 d5 3. exd5 cxd5 4. c4 Nf6 5. Nc3 e6 6. Nf3 Bb4 7. a3 Bxc3+ 8. bxc3 Nbd7 9. cxd5 exd5 10. Bd3 0-0 11. 0-0 Re8 12. Bg5 Nf8 13. Ne5 Ne6 14. Bh4 Nf4 15. Bb5 Rf8 16. Qf3 Ng6 17. Bg5 Qd6 18. Bxf6 gxf6 19. Ng4 Kg7 20. g3 Bxg4 21. Qxg4 a6 22. Be2 Rg8 23. Qh5 Rac8 24. Rfc1 Rc7 25. Bf3 Ne7 26. a4 Rgc8 27. Bg4 Rg8 28. a5 Kh8 29. Bf3 Kg7 30. Rab1 Rgc8 31. Rb6 Rc6 32. Qg4+ Kh8 33. Rxb7 Rxc3 34. Rxc3 Rxc3 35. Kg2 Ng6 36. Rxf7 Rc7 37. Rxc7 Qxc7 38. Qe6 Qg7 39. Qc8+ Nf8 40. Qxa6 h5 41. Bxh5 Qg5 42. Bf3 Ng6 43. Qc8+ Kh7 44. Qg4 Qd2 45. a6 1-0

[Event "Pfalz op-B 8th"]
[Site "Neustadt an der Weinstrasse"]
[Date "2017.02.24"]
[Round "1"]
[White "Schnepel, Thomas"]
[Black "Voeller, Lothar"]
[Result "1-0"]
[WhiteElo "1907"]
[BlackElo "1729"]
[PlyCount "101"]
[EventDate "2017.02.24"]
[EventType "swiss"]
[EventRounds "7"]
[EventCountry "GER"]
[SourceTitle "CBM 177 Extra"]
[Source "ChessBase"]
[SourceDate "2017.04.27"]
[SourceVersion "1"]
[SourceVersionDate "2017.04.27"]
[SourceQuality "1"]

1. e4 c6 2. d4 d5 3. exd5 cxd5 4. c4 Nf6 5. Nc3 e6 6. Nf3 Nbd7 7. c5 Be7 8. Bd3 a6 9. 0-0 0-0 10. Re1 Nb8 11. Bg5 Nc6 12. a3 h6 13. Bf4 Nh5 14. Be3 f5 15. Bc2 Nf6 16. Bf4 Ne4 17. Ne5 Nxe5 18. Bxe5 Bd7 19. Ne2 Bh4 20. g3 Bf6 21. f3 Bxe5 22. fxe4 Bf6 23. exf5 exf5 24. Nf4 Bc6 25. Ne6 Qd7 26. Bxf5 Bxd4+ 27. Nxd4 Rxf5 28. Nxf5 Qxf5 29. Qd4 Rf8 30. Rf1 Qe4 31. Rxf8+ Kxf8 32. Qxe4 dxe4 33. Kf2 Ke7 34. Ke3 Ke6 35. Rd1 Ke5 36. Rd6 Be8 37. Rd8 Bc6 38. b4 h5 39. h4 Kf5 40. Rg8 Kf6 41. Kf4 Kf7 42. Rb8 Kf6 43. a4 Bxa4 44. Rxb7 Ke6 45. Rb6+ Kd5 46. Rxa6 Bb5 47. Rb6 Bd3 48. Rd6+ Kc4 49. c6 Kxb4 50. c7 Ba6 51. Rxa6 1-0

[Event "Stuttgart-chA int"]
[Site "Ditzingen"]
[Date "2016.05.07"]
[Round "6"]
[White "Hubel, Merten"]
[Black "Schnepel, Thomas"]
[Result "1/2-1/2"]
[WhiteElo "2061"]
[BlackElo "1907"]
[PlyCount "145"]
[EventDate "2016.05.05"]
[EventType "swiss"]
[EventRounds "7"]
[EventCountry "GER"]
[SourceTitle "EXT 2018"]
[Source "ChessBase"]
[SourceDate "2017.10.13"]
[SourceVersion "1"]
[SourceVersionDate "2017.10.13"]
[SourceQuality "1"]

1. d4 Nf6 2. Nf3 e6 3. g3 c5 4. Bg2 cxd4 5. Nxd4 d5 6. 0-0 Nc6 7. c4 Bc5 8. Nxc6 bxc6 9. Qc2 Be7 10. Nc3 0-0 11. cxd5 cxd5 12. e4 Qc7 13. exd5 Nxd5 14. Be4 Nb4 15. Qe2 Ba6 16. Nb5 Qc5 17. a4 Rac8 18. Be3 Qc4 19. Qf3 Bxb5 20. axb5 Qxb5 21. Rxa7 Bf6 22. Rb7 Qa4 23. b3 Qa3 24. Bxh7+ Kxh7 25. Qe4+ Kg8 26. Qxb4 Qb2 27. Rd1 Rc3 28. Bd4 Qc2 29. Bxc3 Qxd1+ 30. Be1 Rc8 31. Rb8 Rxb8 32. Qxb8+ Kh7 33. Qb4 Be7 34. Qc3 Bf6 35. Qb4 Be7 36. Qc3 Bf6 37. Qe3 Bg5 38. Qxg5 Qxe1+ 39. Kg2 Qe4+ 40. Kh3 Qb1 41. Qh5+ Kg8 42. Qb5 Qh7+ 43. Kg2 Qe4+ 44. Kf1 Qb1+ 45. Ke2 Qe4+ 46. Kd2 Qd4+ 47. Qd3 Qxf2+ 48. Qe2 Qd4+ 49. Kc2 Qc5+ 50. Kb2 Qb4 51. Qe3 Kf8 52. Qc3 Qb5 53. b4 Qe2+ 54. Kb3 Qd1+ 55. Ka3 Qd5 56. Qc5+ Qxc5 57. bxc5 Ke7 58. h4 f5 59. Kb4 Kd7 60. Kc4 e5 61. Kd5 e4 62. Kd4 Kc6 63. h5 Kc7 64. g4 fxg4 65. Kxe4 g3 66. Kf3 g2 67. Kxg2 Kc6 68. Kf3 Kxc5 69. Ke4 Kd6 70. Kf5 Ke7 71. Kg6 Kf8 72. h6 gxh6 73. Kxh6 1/2-1/2

[Event "Liechtenstein op 32nd"]
[Site "Triesen"]
[Date "2014.05.23"]
[Round "1"]
[White "Schnepel, Thomas"]
[Black "Kasparov, Sergey"]
[Result "0-1"]
[WhiteElo "1996"]
[BlackElo "2480"]
[PlyCount "86"]
[EventDate "2014.05.23"]
[EventType "swiss"]
[EventRounds "9"]
[EventCountry "LIE"]
[SourceTitle "CBM 160 Extra"]
[Source "ChessBase"]
[SourceDate "2014.07.01"]
[SourceVersion "1"]
[SourceVersionDate "2014.07.01"]
[SourceQuality "1"]

1. e4 d5 2. exd5 Qxd5 3. c4 Qa5 4. Nc3 c6 5. d4 Nf6 6. Bd2 Qc7 7. Nf3 Bf5 8. Be2 e6 9. 0-0 Bd6 10. Rc1 0-0 11. h3 Nbd7 12. d5 e5 13. Nh4 Bg6 14. Nxg6 hxg6 15. a3 a6 16. b4 c5 17. Na4 Ne4 18. Be3 f5 19. Bf3 Ndf6 20. bxc5 Nxc5 21. Nxc5 Bxc5 22. d6 Qa5 23. Bxb7 Rad8 24. Bd5+ Kh8 25. Qf3 Rxd6 26. Rfd1 e4 27. Qg3 Bxe3 28. fxe3 Qd8 29. Rb1 Nxd5 30. Rxd5 Rxd5 31. cxd5 Qxd5 32. Qxg6 Qd3 33. Qb6 Qxa3 34. Rb3 Qc1+ 35. Kh2 Qc8 36. Qb4 Qc7+ 37. Kg1 Rd8 38. Rb1 Kh7 39. Qb3 Qg3 40. Qe6 Qxe3+ 41. Kh2 Qf4+ 42. Kg1 Rd6 43. Qe7 Rd2 0-1

[Event "Baden-ch op U2000"]
[Site "Birkenfeld"]
[Date "2013.06.01"]
[Round "5"]
[White "May, Juergen"]
[Black "Schnepel, Thomas"]
[Result "1-0"]
[WhiteElo "2011"]
[BlackElo "1945"]
[PlyCount "77"]
[EventDate "2013.05.30"]
[EventType "swiss"]
[EventRounds "7"]
[EventCountry "GER"]
[SourceTitle "EXT 2014"]
[Source "ChessBase"]
[SourceDate "2013.11.20"]
[SourceVersion "1"]
[SourceVersionDate "2013.11.20"]
[SourceQuality "1"]

1. e4 c5 2. Nf3 Nc6 3. d4 cxd4 4. Nxd4 Nf6 5. Nc3 e5 6. Ndb5 d6 7. a4 a6 8. Na3 Bg4 9. f3 Be6 10. Bc4 Rc8 11. 0-0 Nd4 12. Bd3 Be7 13. Kh1 0-0 14. Ne2 d5 15. Nxd4 exd4 16. e5 Nd7 17. f4 Nc5 18. f5 Nxd3 19. cxd3 Bd7 20. Qf3 Bg5 21. f6 Bxc1 22. Raxc1 Rxc1 23. Rxc1 Bxa4 24. Qf4 gxf6 25. exf6 Kh8 26. Qxd4 Bc6 27. Nc2 a5 28. Ne3 Qd7 29. Ng4 Qf5 30. Re1 Qg5 31. h3 h5 32. Ne5 Qg3 33. Re2 Kg8 34. Re3 Qf2 35. Nxc6 bxc6 36. Qe5 Qh4 37. Rg3+ Kh7 38. Rg7+ Kh8 39. Rg5 1-0

[Event "Stuttgart-chA int"]
[Site "Gerlingen"]
[Date "2011.06.04"]
[Round "7"]
[White "Santos, Paulo J"]
[Black "Schnepel, Thomas"]
[Result "1/2-1/2"]
[WhiteElo "1890"]
[BlackElo "1964"]
[PlyCount "68"]
[EventDate "2011.06.02"]
[EventType "swiss"]
[EventRounds "7"]
[EventCountry "GER"]
[SourceTitle "EXT 2018"]
[Source "ChessBase"]
[SourceDate "2017.10.13"]
[SourceVersion "1"]
[SourceVersionDate "2017.10.13"]
[SourceQuality "1"]

1. e4 c5 2. Nc3 Nc6 3. g3 e6 4. Bg2 Nge7 5. d3 d5 6. exd5 exd5 7. f4 g6 8. Nf3 Bg7 9. Bd2 0-0 10. 0-0 h6 11. Rb1 Nf5 12. Re1 d4 13. Ne4 Ne3 14. Bxe3 dxe3 15. Kh1 Re8 16. c3 Bg4 17. h3 Bf5 18. Rxe3 c4 19. Nfd2 cxd3 20. Re1 Qa5 21. Qb3 Re7 22. Nc4 Qc7 23. Ned6 d2 24. Rxe7 Qxe7 25. Rd1 Qe1+ 26. Kh2 Be6 27. Qc2 Rd8 28. Rxd2 Bf8 29. b3 h5 30. Nxb7 Bf5 31. Qb2 h4 32. g4 Qg3+ 33. Kg1 Qe1+ 34. Kh2 Qg3+ 1/2-1/2

[Event "Stuttgart-chA int"]
[Site "Gerlingen"]
[Date "2011.06.03"]
[Round "4"]
[White "Schnepel, Thomas"]
[Black "Mendzigall, Martin"]
[Result "1/2-1/2"]
[WhiteElo "1964"]
[BlackElo "1928"]
[PlyCount "57"]
[EventDate "2011.06.02"]
[EventType "swiss"]
[EventRounds "7"]
[EventCountry "GER"]
[SourceTitle "EXT 2018"]
[Source "ChessBase"]
[SourceDate "2017.10.13"]
[SourceVersion "1"]
[SourceVersionDate "2017.10.13"]
[SourceQuality "1"]

1. e4 e5 2. Bc4 Nf6 3. d4 exd4 4. Nf3 Nc6 5. e5 d5 6. Bb5 Nd7 7. Bxc6 bxc6 8. e6 fxe6 9. Nxd4 Qf6 10. 0-0 e5 11. Qe2 Bc5 12. Nf3 0-0 13. c3 e4 14. Nd4 Bxd4 15. cxd4 Qxd4 16. Be3 Qe5 17. Nc3 a5 18. Rfd1 Ba6 19. Qd2 Bd3 20. g3 Nf6 21. Bc5 Rf7 22. Ne2 Rb8 23. Bd4 Qe7 24. Rac1 Qb4 25. Bc3 Qb6 26. Bd4 Qb4 27. Bc3 Qb6 28. Bd4 Qb4 29. Bc3 1/2-1/2

[Event "Stuttgart-chA int"]
[Site "Gerlingen"]
[Date "2011.06.02"]
[Round "2"]
[White "Schnepel, Thomas"]
[Black "Recker, Martin"]
[Result "1-0"]
[WhiteElo "1964"]
[BlackElo "1912"]
[PlyCount "57"]
[EventDate "2011.06.02"]
[EventType "swiss"]
[EventRounds "7"]
[EventCountry "GER"]
[SourceTitle "EXT 2018"]
[Source "ChessBase"]
[SourceDate "2017.10.13"]
[SourceVersion "1"]
[SourceVersionDate "2017.10.13"]
[SourceQuality "1"]

1. e4 d5 2. exd5 Nf6 3. d4 Nxd5 4. c4 Nb6 5. Nc3 e5 6. d5 Be7 7. Be3 0-0 8. Nf3 Bg4 9. h3 Bxf3 10. Qxf3 N8d7 11. g4 Nc5 12. 0-0-0 Nba4 13. Ne4 Nxe4 14. Qxe4 Qd6 15. Bd3 g6 16. Rd2 a6 17. h4 b5 18. Rc2 bxc4 19. Rxc4 Nxb2 20. Kxb2 Qa3+ 21. Ka1 Rab8 22. Rb1 Rxb1+ 23. Bxb1 Rb8 24. Bc1 Qa5 25. h5 Qb6 26. hxg6 hxg6 27. Rc6 Qxf2 28. Rxg6+ Kh8 29. Rh6+ 1-0

[Event "Agueimes op 1st"]
[Site "Agueimes"]
[Date "2011.04.26"]
[Round "3"]
[White "Aguilera Suarez, Antonio"]
[Black "Schnepel, Thomas"]
[Result "0-1"]
[WhiteElo "1829"]
[BlackElo "1964"]
[PlyCount "24"]
[EventDate "2011.04.24"]
[EventType "swiss"]
[EventRounds "5"]
[EventCountry "ESP"]
[SourceTitle "CBM 142 Extra"]
[Source "ChessBase"]
[SourceDate "2011.06.27"]
[SourceVersion "1"]
[SourceVersionDate "2011.06.27"]
[SourceQuality "1"]

1. e4 c5 2. Nf3 Nc6 3. Nc3 Nf6 4. e5 Ng4 5. d4 cxd4 6. Nxd4 Ngxe5 7. Bf4 Ng6 8. Bg3 e5 9. Ndb5 Bb4 10. Nd6+ Ke7 11. Nf5+ Kf8 12. Bc4 d5 0-1

[Event "Agueimes op 1st"]
[Site "Agueimes"]
[Date "2011.04.25"]
[Round "2"]
[White "Schnepel, Thomas"]
[Black "Schnelzer, Reinhold"]
[Result "0-1"]
[WhiteElo "1964"]
[BlackElo "2268"]
[PlyCount "52"]
[EventDate "2011.04.24"]
[EventType "swiss"]
[EventRounds "5"]
[EventCountry "ESP"]
[SourceTitle "CBM 142 Extra"]
[Source "ChessBase"]
[SourceDate "2011.06.27"]
[SourceVersion "1"]
[SourceVersionDate "2011.06.27"]
[SourceQuality "1"]

1. e4 d5 2. exd5 Qxd5 3. Nc3 Qd6 4. d4 Nf6 5. Bd3 c6 6. Nge2 Bg4 7. f3 Bh5 8. Bf4 Qd8 9. Qd2 e6 10. a3 Be7 11. 0-0-0 Nbd7 12. Ne4 Nxe4 13. fxe4 0-0 14. g4 Bg6 15. g5 Bh5 16. Rde1 Bxe2 17. Rxe2 c5 18. c3 cxd4 19. cxd4 Rc8+ 20. Kd1 Nb6 21. Bb1 Nc4 22. Qd3 Bxg5 23. Rf1 Bxf4 24. Rxf4 Qg5 25. Qf3 Qg1+ 26. Re1 Qxd4+ 0-1

[Event "Dresden ZMD op"]
[Site "Dresden"]
[Date "2010.07.17"]
[Round "8"]
[White "Schnepel, Thomas"]
[Black "Amos, Frank"]
[Result "0-1"]
[WhiteElo "1916"]
[BlackElo "2141"]
[PlyCount "96"]
[EventDate "2010.07.10"]
[EventType "swiss"]
[EventRounds "9"]
[EventCountry "GER"]
[SourceTitle "CBM 137 Extra"]
[Source "ChessBase"]
[SourceDate "2010.09.01"]
[SourceVersion "1"]
[SourceVersionDate "2010.09.01"]
[SourceQuality "1"]

1. e4 e5 2. Nf3 Nc6 3. d4 exd4 4. Nxd4 Bc5 5. Be3 Qf6 6. Nb5 Bxe3 7. fxe3 Qh4+ 8. g3 Qd8 9. Qg4 g6 10. Qf4 d6 11. Nd2 Ne5 12. Nc4 g5 13. Qf2 Be6 14. Nxe5 dxe5 15. Bd3 c6 16. Na3 Qa5+ 17. c3 b5 18. 0-0 0-0-0 19. Rfd1 h5 20. Be2 Rxd1+ 21. Rxd1 Rh6 22. Nc2 Qb6 23. b3 Nf6 24. Bf3 h4 25. Rd6 Qc7 26. Qd2 Bd5 27. Rxd5 cxd5 28. exd5 hxg3 29. hxg3 Qd6 30. Qe2 e4 31. Bg4+ Kd8 32. Kg2 Qxd5 33. Nd4 a6 34. Bf5 Ke8 35. a4 bxa4 36. Qxa6 axb3 37. Qc8+ Qd8 38. Qb7 Nd5 39. Bxe4 Nxe3+ 40. Kf3 Nc2 41. Qb5+ Kf8 42. Qc5+ Kg8 43. Ke2 Nxd4+ 44. cxd4 Rh2+ 45. Kf3 Qf6+ 46. Kg4 b2 47. Qxg5+ Qxg5+ 48. Kxg5 Rd2 0-1

[Event "Dresden ZMD op"]
[Site "Dresden"]
[Date "2010.07.14"]
[Round "5"]
[White "Viereck, Axel"]
[Black "Schnepel, Thomas"]
[Result "0-1"]
[WhiteElo "1346"]
[BlackElo "1916"]
[PlyCount "100"]
[EventDate "2010.07.10"]
[EventType "swiss"]
[EventRounds "9"]
[EventCountry "GER"]
[SourceTitle "CBM 137 Extra"]
[Source "ChessBase"]
[SourceDate "2010.09.01"]
[SourceVersion "1"]
[SourceVersionDate "2010.09.01"]
[SourceQuality "1"]

1. d4 d5 2. c4 Nc6 3. Nc3 Nf6 4. Bg5 Ne4 5. Nxe4 dxe4 6. d5 e6 7. Bxd8 Bb4+ 8. Qd2 Bxd2+ 9. Kxd2 Nxd8 10. dxe6 Bxe6 11. e3 Nc6 12. b3 0-0-0+ 13. Kc2 Nb4+ 14. Kc3 Nd3 15. Nh3 Bxh3 16. gxh3 Nxf2 17. Rg1 Nd1+ 18. Kb4 Nxe3 19. Rc1 g6 20. Rg3 Nxf1 21. Rxf1 f5 22. h4 Rhf8 23. h5 f4 24. Rg4 e3 25. Rgxf4 e2 26. Rxf8 Rxf8 27. Re1 Rf2 28. hxg6 hxg6 29. h4 Kd7 30. Kc3 Ke6 31. Kd3 Kf5 32. Ke3 Rh2 33. h5 gxh5 34. Rg1 h4 35. Kd2 h3 36. Rg7 Rg2 37. Rxc7 h2 38. Rh7 e1Q+ 39. Kxe1 Rg1+ 40. Kd2 h1Q 41. Rxh1 Rxh1 42. Kc3 Ke5 43. Kb4 Kd6 44. a4 Kc6 45. Ka5 Rh5+ 46. Kb4 a5+ 47. Ka3 Kc5 48. b4+ axb4+ 49. Kb3 Rh3+ 50. Ka2 Kxc4 0-1